Statistics for Click Countries by Population #1

Click here to take the quiz!

General Stats

  • This quiz has been taken 1,378 times
  • The average score is 12 of 16

Answer Stats

HintAnswer% Correct
1.43 bilChina
98%
345 milUnited States
92%
217 milBrazil
89%
1.00 kVatican City
85%
123 milJapan
81%
86.1 milTurkey
81%
26.6 milAustralia
76%
58.8 milItaly
75%
17.8 milNetherlands
71%
36.0 kMonaco
70%
37.5 milUkraine
70%
2.82 milJamaica
67%
127 kGrenada
63%
12.5 milTunisia
63%
6.04 milSingapore
55%
750 kSolomon Islands
55%

Score Distribution

Percentile by Number Answered

Percent of People with Each Score

Your Score History

You have not taken this quiz